Movies Quiz

Random Movies or Box Office Quiz

Top 25 Action Heroine Movies Quiz Stats

 Plays Quiz not verified by Sporcle

Challenge
Share
Tweet
Embed
Score 0/25 Timer 07:00
0 Plays Today
Date Movie % Correct
3/23/12The Hunger Games
65%
11/22/13The Hunger Games: Catching Fire
60.6%
6/15/01Lara Croft: Tomb Raider
59.4%
5/25/79Alien
56.9%
7/18/86Aliens
51.9%
10/10/03Kill Bill Vol. 1
46.3%
4/16/04Kill Bill Vol. 2
41.3%
7/23/10Salt
40.6%
5/22/92Alien 3
36.9%
7/3/91Terminator 2: Judgment Day
35%
7/25/03Lara Croft Tomb Raider: The Cradle of Life
33.8%
9/19/03Underworld
32.5%
9/10/10Resident Evil: Afterlife
28.8%
Date Movie % Correct
9/10/04Resident Evil: Apocalypse
28.8%
6/10/05Mr. and Mrs. Smith
26.3%
1/20/06Underworld: Evolution
23.1%
11/3/00Charlie's Angels
22.5%
6/27/03Charlie's Angels: Full Throttle
18.8%
1/20/12Underworld Awakening
17.5%
12/8/00Crouching Tiger, Hidden Dragon
13.8%
12/22/00Miss Congeniality
10.6%
5/9/97The Fifth Element
6.9%
12/8/04Blade: Trinity
4.4%
7/7/04King Arthur
4.4%
7/12/96Courage Under Fire
2.5%

You're not logged in!

Compare scores with friends on all Sporcle quizzes.
Join for Free
OR
Log In

You Might Also Like...

Show Comments

Extras

Top Quizzes Today


Score Distribution

Your Account Isn't Verified!

In order to create a playlist on Sporcle, you need to verify the email address you used during registration. Go to your Sporcle Settings to finish the process.

Report this User

Report this user for behavior that violates our Community Guidelines.

Details: